000 00644nam a2200205Ia 4500
003 GCL
008 140319s9999 xx 000 0 ara d
040 _aGCL /
_cGCL
082 0 4 _a820.9
_bهـ د
100 1 _aهدى حبيشة
245 1 0 _aدراسات فى المسرح والادب /
_cهدى حبيشة
260 _a[S.N] :
_bالهيئة المصرية العامة للكتاب ،
_c1986
300 _a227 ص
490 _a
650 0 4 _aالملاحم
650 0 4 _aتاريخ ونقد
650 0 4 _aالادب الانجليزى المترجم
650 0 4 _aالمسرح الانجليزى المترجم
942 _2ddc
_cBK
999 _c29774
_d29774